[Event "Grenke Chess Classic 1st"]
[Site "Baden-Baden"]
[Date "2013.02.09"]
[Round "3"]
[White "Caruana, Fabiano"]
[Black "Naiditsch, Arkadij"]
[Result "1-0"]
[WhiteElo "2757"]
[BlackElo "2716"]
[Annotator "Ftacnik,L"]
[PlyCount "75"]
[EventDate "2013.02.07"]
[EventType "tourn"]
[EventRounds "10"]
[EventCountry "GER"]
[EventCategory "19"]
[SourceTitle "CBM 153"]
[Source "ChessBase"]
[SourceDate "2013.03.14"]
[SourceVersion "1"]
[SourceVersionDate "2013.03.14"]
[SourceQuality "1"]

1. e4 c5 2. Nf3 d6 3. d4 cxd4 4. Nxd4 Nf6 5. Nc3 a6 6. Be3 e5 7. Nb3 Be7 8. Qd2
{The move is an attempt to speed up the queenside castling, but it enables
Black to get the dark-squared bishop.} Ng4 {Naiditsch is confident, that he
can afford to play with the piece, that was already developed. The absence of
the knight on f6 weakens the d5-square, but Black will get strategic
compensation in the exchange of enemy bishop.} 9. g3 O-O {The most natural
move, but not the only option for the defender. The immediate exchange on e3
deserves closer scrutiny, as it complicates life for White with an attack on
the dark squares. Alternatively 9...Nd7 contributes to the solution of the
most annoying problem - the defence of the weak spot on d5.} (9... Nxe3 10.
Qxe3 Bg5 (10... Be6 11. O-O-O Nd7 12. f4 b5 13. Kb1 Qb6 14. Qe2 O-O 15. f5 Bc4
16. Qf3 Rfc8 17. Nd2 Rab8 18. h4 Qc6 $11 {1/2 (27) Yemelin,V (2564)
-Voitsekhovsky,S (2503) Sochi 2007}) 11. f4 exf4 12. gxf4 Bh4+ 13. Kd2 {
It is remarkable, that White can put the king in the centre. The development
advantage of the first player hugely diminishes Black's chances of get a real
profit from the unusual position.} Nc6 (13... O-O 14. Rd1 Be6 15. Kc1 Nc6 16.
Rg1 Qe7 17. Qd2 a5 18. Bb5 Rfd8 19. Kb1 Bf6 20. Ba4 $14 {1-0 (51)
Nepomniachtchi,I (2658)-Loskutov,O (2423) Moscow 2010}) 14. Rg1 (14. Rd1 Bg4
15. Be2 Bxe2 16. Qxe2 Bf6 17. e5 dxe5+ 18. Kc1 Qc8 19. Nd5 $14 {1/2 (53) Ortiz
Suarez,I (2504)-Delgado Ramirez,N (2574) Ciego de Avila 2010}) 14... g5 15.
fxg5 Ne5 16. Kc1 Bg4 17. Kb1 Bxg5 18. Qg3 Bh4 19. Qe3 Be6 20. Be2 Rc8 21. Nd4
Qf6 {1/2 (21) Jakovenko,D (2742)-Gashimov,V (2740) Novi Sad 2009}) (9... Nd7
10. Nd5 (10. O-O-O Nxe3 11. Qxe3 b5 (11... Nf6 12. Bc4 O-O $11) 12. Nd5 Nf6 13.
Nxe7 Kxe7 14. f4 Qc7 15. Kb1 Be6 16. h3 Rab8 17. g4 h6 18. Rh2 a5 19. Rhd2 $11
{0-1 (50) Najer,E (2681)-Tihonov,J (2460) Ohrid 2009}) (10. Bh3 Ndf6 11. Bg5 h6
12. Bxf6 Nxf6 13. Bxc8 Rxc8 14. O-O O-O 15. Qd3 b5 16. a4 b4 17. Nd1 d5 18. Ne3
Nxe4 19. Nxd5 f5 $11 {0-1 (37) Eliseev,U (2490)-Amonatov,F (2610) Moscow 2012})
10... Nxe3 11. Nxe3 Nf6 12. Bg2 O-O 13. O-O b5 14. a4 Bb7 15. Qd3 Qb6 16. a5
Qc7 17. Rfc1 Bc6 18. c4 Qb7 19. Nf5 Rfd8 $11 {1/2 (50) Saric,I (2638)-Amonatov,
F (2610) Istanbul 2012}) 10. O-O-O {Caruana will try to find the best moment
for the obvious move of the knight to the d5-square. Castling seems to be the
flexible solution, as all the options remain open.} (10. Nd5 Nxe3 11. Qxe3 Be6
12. O-O-O Nd7 13. Kb1 b5 14. h4 Bxd5 15. exd5 Qc7 16. g4 Nb6 17. Bd3 Nc4 18.
Qe4 g6 19. h5 Bg5 20. Rh3 {1-0 (31) Deepan Chakkravarthy,J (2492)-Swapnil,S 
(2429) Chennai 2010} a5 $1 21. a4 bxa4 22. Qxc4 Qxc4 23. Bxc4 axb3 $11) 10...
a5 $5 $146 {The counterplay with a pawn is gaining popularity in quite a few
lines of the English Attack in Najdorf. Those, who prefer to limit the risk in
the opening should look into the exchange of the bishop followed by 11...Nd7.}
(10... Nxe3 11. Qxe3 Nd7 12. f4 (12. Nd5 Nf6 13. Nxf6+ Bxf6 14. Bc4 Bg5 15. f4
Bh6 16. Kb1 Be6 17. Bd5 Bxd5 18. Rxd5 exf4 19. gxf4 Qe7 20. Nd4 g6 $11 {
1/2 (50) Vuilleumier,A (2361)-Borovikov,V (2601) Rethymnon 2010}) 12... b5 13.
Kb1 Qb6 14. Qe1 Nf6 15. Bd3 Bg4 16. Rc1 Bd7 17. Nd5 Nxd5 18. exd5 Bf6 19. Nd2
Rae8 $15 {1/2 (108) Areshchenko,A (2673)-Wojtaszek,R (2608) Budva 2009}) 11.
Kb1 a4 12. Nc1 a3 13. b3 {Black has managed to weaken the b2 spot for the
future attack, but it came at a cost of mild neglect of his development.} (13.
b4 Be6 14. f4 g6 $15) 13... Nxe3 (13... Nd7 14. Nd5 Nxe3 15. Nxe3 Nf6 16. f3
Qc7 $11) 14. Qxe3 Bg5 {Black does not have to play so aggressively, even
though counterplay on the dark squares is very desirable.} (14... Nc6 15. Nd5
Bg4 16. Rd2 Be6 $11) 15. f4 Bh6 16. Nd3 (16. Bc4 Nc6 17. N1e2 Be6 18. Nd5 exf4
19. gxf4 Ne5 20. Bb5 Rc8 $11) 16... Nc6 17. h4 {White needs to play for an
attack himself, his main zone of operation is located on the kingside.} (17.
Bg2 g6 18. h4 exf4 19. Nxf4 Qf6 $11) 17... Nd4 18. Nb4 (18. Bh3 Bxh3 19. Rxh3
Qc8 20. Nf2 Qc6 21. Ng4 Rfc8 22. Nxh6+ gxh6 23. Rd3 Nb5 24. g4 d5 25. exd5
Nxc3+ 26. Rxc3 Qxd5 $11) 18... Bg4 19. Rd2 Rc8 20. Nbd5 f5 {The advance is
positionally desirable but also somewhat risky due to White's firm conctrol of
the centre. Black would love to have more space for his bishops, but the piece
on h6 has no mobility.} (20... Rc6 21. Bc4 (21. Bh3 Be6 22. Rxd4 exd4 23. Qxd4
$11) 21... Ne6 22. Rf2 $14) (20... Be6 21. h5 Nc6 22. Bc4 Ne7 $11) 21. Bc4 Kh8
22. Rxd4 $5 {The positional sacrifice of the exchange is very tempting, as the
queen on d4 will enjoy a magnificent position.} (22. exf5 Nxf5 23. Qd3 Qe8 $11)
22... exd4 23. Qxd4 Bf3 (23... fxe4 24. Nxe4 Bf3 25. Rf1 Bxe4 26. Qxe4 Qd7 $11)
24. Re1 {The natural reflex is dictating the centralisation of the rook, but
the modest 24.Rg1 might have had more venom.} (24. Rg1 fxe4 25. Nxe4 $11) 24...
fxe4 25. Nb5 (25. Nxe4 Bxe4 26. Rxe4 Re8 $15) (25. Be2 Re8 26. Bb5 Re6 27. Re3
Rb8 $11) 25... Rc6 (25... Rb8 26. Rg1 Qd7 27. Nb6 Qc6 28. Nxa3 $11) 26. c3 {
Caruana has decided to eliminate the pesky a3-pawn, even though it will cost
him perfect coordination of his pieces.} (26. Nxa3 $2 Qa5 $19) 26... Qd7 27.
Nxa3 Qh3 $1 28. Rg1 $2 {The second half of the game was played under great
pressure, with both players drifting gradually into serious time pressure.
Caruana refuses to decentralise the queen, but the rook move is too risky.} (
28. Qf2 Qf5 (28... g6 29. Nb5 Bg7 $11) 29. Kb2 Qh5 $11) 28... Qh2 29. Nb5 (29.
Qe3 Ra8 30. Nc2 g6 $15) 29... Ra8 {The number of smaller and bigger omissions
in the next few moves reveals, how difficult it is to handle the extremely
complex position under time constrains.} (29... e3 $5 30. Qxe3 Ra8 31. Re1 (31.
Nb4 Be4+ 32. Ka1 d5 $17) 31... Qxa2+ 32. Kc1 g6 $15) 30. a3 $2 {White's fear
of advancing the pawn to a4 is understandable. It is only for objectivity's
sake that we give the complex analyses of its consequences.} (30. a4 $1 e3 (
30... Rxc4 31. bxc4 e3 32. Rc1 Rxa4 33. Nb4 Qxg3 34. Qxe3 Ra8 35. Rf1 Qg6+ 36.
Kb2 $11) 31. Rc1 (31. Qxe3 Rxc4 $1 32. bxc4 Bh5 $19) 31... Bh5 32. g4 $1 (32.
Nxe3 Bg6+ 33. Nc2 Qxg3 $15) 32... Bxg4 33. Nxe3 Qxf4 34. Qxf4 Bxf4 35. Nxg4
Bxc1 36. Kxc1 Rxa4 37. Nxd6 Raxc4 38. Nxc4 b5 39. Nge5 Rc7 40. Nd2 $11) 30...
e3 $1 31. Re1 (31. Qxe3 Be4+ 32. Qxe4 (32. Ka1 Rca6 $1 33. Be2 Bxd5) 32...
Qxg1+ 33. Kb2 Qxg3 $17) 31... e2 32. Qe3 (32. Qg1 Qxg1 33. Rxg1 Rc5 34. Nb4 Re8
35. Re1 d5 $17) 32... Qg2 $2 {[%mdl 64] The most critical moment of the game.
Naiditsch has managed to generate great counterplay and his pawn on e2 is a
huge asset. Unfortunately for him he misses a golden opportunity to decide the
battle with small combination.} (32... Qxg3 $1 33. Rxe2 Qg6+ 34. Bd3 Qh5 $19)
33. Nd4 $1 Rxc4 {Suddenly the table are turned and Black is struggling to find
a line that is halfway equal.} (33... Bxd5 34. Rxe2 Qh1+ 35. Re1 Qe4+ (35...
Qg2 36. Qe8+ Bg8 37. Qxa8 Rxc4 38. Re8 $18) 36. Qxe4 Bxe4+ 37. Rxe4 d5 38. Bxd5
Rxc3 39. Nf5 $16) 34. bxc4 Bh5 (34... Bxd5 35. cxd5 Qxd5 36. Qxe2 g6 37. Qa2
$16) 35. Nxe2 $6 {Under stress even the best players turn to natural urges!
The desire to eliminate the pawn on e2 was too strong.} (35. Kb2 Qf1 (35... Re8
$2 36. Qxe8+ Bxe8 37. Rxe2 $18) 36. Qg1 Qxg1 37. Rxg1 $16) 35... Re8 36. Ne7 g5
$2 $138 {Great idea, only the execution is terrible! The game should have
ended with perpetual check after 36...g6.} (36... g6 37. Nd4 Bf8 38. Qe6 Rxe7
39. Qf6+ Kg8 40. Rxe7 Bxe7 41. Qxe7 Qf1+ 42. Kb2 Qg2+ 43. Nc2 Bd1 44. Qe8+ $11)
37. fxg5 Bf8 38. Nf4 {A terrible final blow which finishes the fight right
away. Black has prepared his own demise by offering the perfect spot on f4. 
An exciting game full of tactical errors, but a perfect spectacle for
spectators!} (38. Nf4 Rxe7 39. Qxe7 Bxe7 40. Nxg2 $18) 1-0

[Event "Grenke Chess Classic 1st"]
[Site "Baden-Baden"]
[Date "2013.02.11"]
[Round "5"]
[White "Caruana, Fabiano"]
[Black "Fridman, Daniel"]
[Result "1/2-1/2"]
[WhiteElo "2757"]
[BlackElo "2667"]
[PlyCount "80"]
[EventDate "2013.02.07"]
[EventType "tourn"]
[EventRounds "10"]
[EventCountry "GER"]
[EventCategory "19"]
[SourceTitle "CBM 153"]
[Source "ChessBase"]
[SourceDate "2013.03.14"]
[SourceVersion "1"]
[SourceVersionDate "2013.03.14"]
[SourceQuality "1"]

1. e4 e5 2. Nf3 Nf6 3. Nxe5 d6 4. Nf3 Nxe4 5. Nc3 Nxc3 6. dxc3 Be7 7. Be3 Nc6
8. Qd2 O-O 9. O-O-O Ne5 10. h4 c6 11. Kb1 Qa5 12. Nxe5 dxe5 13. Bc4 b5 14. Bb3
Qc7 15. Bg5 a5 16. Bxe7 Qxe7 17. a4 Rb8 18. axb5 a4 19. Bc4 cxb5 20. Ba2 b4 21.
cxb4 Rxb4 22. Qd6 Qxd6 23. Rxd6 Bf5 24. Kc1 Rfb8 25. Rhd1 Kf8 26. Rd8+ Rxd8 27.
Rxd8+ Ke7 28. Ra8 Rxh4 29. Ra7+ Kd6 30. Bxf7 Rh1+ 31. Kd2 Rf1 32. Ke2 Rc1 33.
c3 Rc2+ 34. Ke3 Bd7 35. Bg8 h6 36. Ra6+ Ke7 37. Rb6 a3 38. bxa3 Rxc3+ 39. Ke4
Rxa3 40. Kxe5 Ra1 1/2-1/2

[Event "Grenke Chess Classic 1st"]
[Site "Baden-Baden"]
[Date "2013.02.14"]
[Round "7"]
[White "Caruana, Fabiano"]
[Black "Anand, Viswanathan"]
[Result "1/2-1/2"]
[WhiteElo "2757"]
[BlackElo "2780"]
[Annotator "CB"]
[PlyCount "88"]
[EventDate "2013.02.07"]
[EventType "tourn"]
[EventRounds "10"]
[EventCountry "GER"]
[EventCategory "19"]
[SourceTitle "CBM 153"]
[Source "ChessBase"]
[SourceDate "2013.03.14"]
[SourceVersion "1"]
[SourceVersionDate "2013.03.14"]
[SourceQuality "1"]

1. e4 c5 2. Nf3 d6 3. d4 cxd4 4. Nxd4 Nf6 5. Nc3 a6 6. Be3 e5 7. Nf3 Be7 8. Bc4
O-O 9. O-O Qc7 10. Bb3 Be6 11. Nh4 g6 12. Bh6 Re8 13. Qd2 Ng4 14. Nf3 Nd7 15.
Bg5 Ngf6 16. a4 {Anand identified} Rab8 $6 {as a mistake.} 17. Qe2 Bxb3 18.
cxb3 b5 19. axb5 axb5 20. Bxf6 Nxf6 21. Rfd1 Rec8 22. Ne1 b4 23. Nd5 Nxd5 24.
Rxd5 Rb6 $6 {Anand: "The rook just gets in the way. It's already unpleasant
for Black. He may objectively be ok, but it's not a fun position to play."} 25.
g3 Bf8 26. Qe3 Rb7 27. Nd3 Rcb8 28. Rc1 Qe7 29. Rc4 f5 30. Kg2 fxe4 31. Qxe4
Qf7 32. Qf3 Be7 33. Ra5 Qxf3+ 34. Kxf3 Bd8 35. Rd5 Rb6 36. Ke4 Kf7 37. g4 Ke6
38. f4 exf4 39. Nxf4+ Kd7 40. Rd3 Rb5 41. Nd5 {Anand had thought the white
knight was never going to get to d5, but when it did he explained the time the
players were taking with, "White is very close to winning."} Ba5 $1 {Anand was
pleased with some accurate moves around this stage.} 42. Kf4 h6 43. Re4 Bd8 44.
Kg3 h5 {Caruana accepted Anand's draw offer.} (44... h5 45. h4 {It's worth
noting as a curiosity that Houdini rates this line as better for White than
any other position that occurred in the game.}) 1/2-1/2

[Event "Zuerich Chess Challenge"]
[Site "Zuerich"]
[Date "2013.02.24"]
[Round "2"]
[White "Gelfand, Boris"]
[Black "Caruana, Fabiano"]
[Result "1/2-1/2"]
[WhiteElo "2740"]
[BlackElo "2757"]
[Annotator "Krasenkow,M"]
[PlyCount "80"]
[EventDate "2013.02.23"]
[EventType "tourn"]
[EventRounds "6"]
[EventCountry "SUI"]
[EventCategory "21"]
[SourceTitle "CBM 153"]
[Source "ChessBase"]
[SourceDate "2013.03.14"]
[SourceVersion "1"]
[SourceVersionDate "2013.03.14"]
[SourceQuality "1"]

1. d4 Nf6 2. c4 g6 3. f3 d5 4. cxd5 Nxd5 5. e4 Nb6 6. Nc3 Bg7 7. Be3 O-O 8. Qd2
Nc6 9. O-O-O Qd6 {This, relatively new but already very popular move, was
examined in several CBM issues, most recently in CBM 149, annotations to
Aronian - Caruana by GM I.Stohl, and, and CBM 150, annotations to Eljanov -
Areshchenko by GM A.Mikhalchishin.} 10. Nb5 Qd7 11. Kb1 {Alternatives:} (11. f4
) (11. Bh6) (11. d5) (11. Na3) 11... Rd8 12. d5 a6 $1 13. Nc3 (13. dxc6 Qxd2
14. Rxd2 Rxd2 15. Bxd2 axb5 16. cxb7 Bxb7 17. Bxb5 Rd8 $5 (17... f5 18. exf5
Bd5 {1/2 (41) Vitiugov,N (2729)-Giri,A (2714) Reggio Emilia 2011} 19. b3 $140
gxf5 $44) 18. Be3 (18. Bc1 Rd4 $44 {[%cal Rd4e4,Rd4b4]}) 18... Rd1+ 19. Kc2 Ra1
20. a3 c6 21. Be2 Na4 22. Bc1 Nxb2 $1 23. Nh3 c5 24. Bb5 c4 $36 {1/2 (82) Toth,
E (2473)-Fogarasi,T (2407) Hungary 2012}) 13... Qe8 (13... Ne5 14. Bd4 (14. Qe1
Nec4 15. Bd4 Qd6 $132) 14... c5 $5 (14... Nec4 15. Qf2 $5) 15. Bxc5 Nec4 16.
Bxc4 Nxc4 17. Qc1 Qc7 18. Bd4 e5 19. Bf2 b5 20. b3 Nd6 $44 {[%csl Rb1][%cal
Yf7f5,Ya6a5] 0-1 (35) Eljanov,P (2693)-Areshchenko,A (2691) Kiev 2012 [A.
Mikhalchishin]}) (13... Na5 $5 {may be the simplest:} 14. Bd4 (14. b3 Qd6 $132)
14... e5 $5 (14... Nbc4 15. Bxc4 (15. Qf2 $2 e5 $1 16. Bc5 b6 17. Bb4 c5 18.
Bxa5 Nxa5 $17 {1/2 (38) Gustafsson,J (2647)-Mekhitarian,K (2529) Reykjavik
2011 CBM 149 [Mekhitarian]}) 15... Nxc4 16. Qc1 $11 {K.Mekhitarian}) 15. Bc5
Nbc4 16. Qc1 b6 17. Bf2 Qd6 18. h4 Qb4 19. g4 f5 20. g5 fxe4 21. Nxe4 Bf5 22.
Bd3 Rxd5 23. Bxc4 Nxc4 24. Rxd5 Bxe4+ 25. fxe4 Na3+ 26. Ka1 Qxe4 27. Rd2 Qxh1
28. bxa3 Rf8 $44 {1/2 (46) Mamedyarov,S (2729)-Volokitin,A (2709) Istanbul 2012
}) 14. Qe1 (14. Qc1 Na5 (14... Ne5 $5) 15. h4 e6 16. Bf4 Qe7 17. Bg5 f6 18. Be3
exd5 19. Bxb6 cxb6 20. Nxd5 Qf7 21. h5 Be6 $13 {1/2 (44) Rodshtein,M (2642)
-Bok,B (2512) Biel 2012}) 14... Na7 $5 $146 {[%cal Ya7b5][%mdl 8]} (14... Ne5
15. Be2 (15. Bd4 e6 $132) 15... e6 (15... Nec4 $5 16. Bd4 e5 $13 {I.Stohl}) 16.
Bxb6 $1 cxb6 17. f4 Nd7 18. dxe6 Qxe6 {1-0 (54) Aronian,L (2825)-Caruana,F 
(2770) Moscow 2012 CBM 149 [Stohl,I]} 19. Bf3 $14 {I.Stohl}) 15. h4 (15. Bf4 $5
{doesn't stop ...Na7-b5 but can delay Black's development:} Rd7 16. h4 Nb5 $1
17. Nxb5 (17. Bxb5 axb5 18. Nxb5 Rxd5 $1 19. Rxd5 Nxd5 20. exd5 Qxb5 $19 {
[%cal Rc8f5]}) 17... axb5 18. h5 $1 (18. Bxb5 $6 c6 $1 19. dxc6 $2 Rxd1+ 20.
Qxd1 bxc6 21. Be2 Na4 $19) 18... e6 $1 $13 {Here is a crazy variation leading
to a draw:} 19. Qh4 (19. hxg6 $143 fxg6 20. Qh4 h5) 19... exd5 $1 20. hxg6 dxe4
$1 21. Qxh7+ Kf8 22. Bh6 $1 Rxd1+ 23. Kc2 Bxh6 24. Qxh6+ Ke7 25. Kxd1 Bf5 26.
Qg5+ Ke6 27. gxf7 Qd8+ 28. Qxd8 Rxd8+ 29. Ke1 Kxf7 30. fxe4 Bxe4 31. Bxb5 Rg8
$11) (15. Bd3 e6 $1) 15... Nb5 16. Nge2 ({Here is a line demonstrating the
strength of Black's eventual attack:} 16. Nxb5 axb5 17. h5 $2 Nxd5 $1 18. exd5
(18. Rxd5 $2 Rxd5 19. exd5 Bf5+ 20. Kc1 Rxa2) 18... Bf5+ 19. Bd3 b4 $1 20. Bxf5
(20. Ne2 Rxa2 $1 21. Kxa2 Qa4+ 22. Kb1 Qb3 $19) 20... Qa4 21. Bd4 Qxa2+ 22. Kc2
Qc4+ 23. Kb1 Bxd4 24. Rxd4 Qxd4 25. hxg6 hxg6 26. Be4 Rxd5 $1 27. Ne2 Qc4 $19)
16... Nc4 17. Bd4 Nxd4 18. Nxd4 Nb6 $15 {With a bishop pair, especially his
strong g7 bishop, Black can get an unpleasant initiative.} 19. h5 $1 ({Passive
defense like} 19. Qe3 {is hardly successful after} e6 20. dxe6 Bxe6 {[%cal
Yb6a4] etc.}) 19... e6 20. hxg6 hxg6 21. f4 (21. Qh4 exd5 22. exd5 Nxd5 23. Re1
Qd7 24. Bc4 Nf6 {[%cal Yc7c5,Yb7b5] hardly gives White sufficient compensation
for the pawn.}) 21... Qe7 (21... exd5 22. e5 c5 23. Nf3 Qe7 {- below}) 22. Nf3
exd5 23. e5 d4 $1 {The position is extremely complicated. White's possible
attack along the h-file can't be underestimated. Therefore GM Fabiano Caruana
decides to give the pawn back but avert the danger. A wise, practical decision!
} (23... c5 24. Qg3 d4 25. Ne4 Nd5 26. Nfg5 $44) (23... Bf5+ 24. Bd3 d4 25. Ne2
(25. Ne4 Nd5) 25... Bxd3+ 26. Rxd3 c5 27. Ng5 $44 {[%cal Yd3h3]}) 24. Nxd4 (24.
Ne4 $6 Nd5) 24... c5 25. Nf3 Bf5+ 26. Ka1 Rxd1+ 27. Qxd1 Rd8 $15 28. Qe1 $6 (
28. Qc1 $142 Qd7 29. Be2 {[%cal Yh1d1]}) 28... Qd7 29. Be2 Nd5 30. Nxd5 Qxd5
31. Qc1 {White must lose a tempo.} Be6 32. b3 Qc6 33. Rd1 (33. Bc4 Bxc4 34.
Qxc4 b5 $40) 33... Rxd1 34. Qxd1 (34. Bxd1 $142 $17) 34... Qe4 35. g3 Bf5 $2 (
35... Bg4 {was indicated by several commentators. If} 36. Nd4 {(otherwise
after ...Qe3 White will be out of moves) then} cxd4 (36... Bxe2 37. Nxe2 Qe3 {
[%cal Yb7b5,Yc5c4] is quite strong, too}) 37. Bxg4 d3 {, and with such a weak
king and Black's strong d-pawn White can hardly survive.}) 36. Bc4 $1 {[%cal
Rc4f7,Rf3g5] After this activation White is out of danger.} Bh6 37. Bd5 Qe3 38.
Qd2 Qxd2 39. Nxd2 g5 40. Bxb7 gxf4 (40... gxf4 41. gxf4 Bxf4 42. Nc4 $11)
1/2-1/2

[Event "Zug FIDE GP"]
[Site "Zug"]
[Date "2013.04.25"]
[Round "7"]
[White "Giri, Anish"]
[Black "Caruana, Fabiano"]
[Result "1/2-1/2"]
[WhiteElo "2727"]
[BlackElo "2772"]
[PlyCount "82"]
[EventDate "2013.04.18"]
[EventType "tourn"]
[EventRounds "11"]
[EventCountry "SUI"]
[EventCategory "21"]
[SourceTitle "CBM 154"]
[Source "ChessBase"]
[SourceDate "2013.05.15"]
[SourceVersion "1"]
[SourceVersionDate "2013.05.15"]
[SourceQuality "1"]

1. d4 Nf6 2. c4 g6 3. Nc3 d5 4. cxd5 Nxd5 5. e4 Nxc3 6. bxc3 Bg7 7. Nf3 c5 8.
Rb1 O-O 9. Be2 cxd4 10. cxd4 Qa5+ 11. Bd2 Qxa2 12. O-O Bg4 13. Be3 Nc6 14. d5
Ne5 15. Rxb7 a5 16. Rxe7 a4 17. Re1 a3 18. Nxe5 Bxe2 19. Rxe2 Qxe2 20. Qxe2 a2
21. Bd4 a1=Q+ 22. Bxa1 Rxa1+ 23. Qf1 Rxf1+ 24. Kxf1 Bf6 25. Nc6 Bxe7 26. Nxe7+
Kg7 27. Nc6 Rc8 28. g4 h6 29. e5 Kf8 30. f4 Ra8 31. Ke2 Ra2+ 32. Kd3 Rxh2 33.
f5 gxf5 34. gxf5 Rh1 35. e6 fxe6 36. fxe6 Rd1+ 37. Ke4 h5 38. Ke5 h4 39. d6 Ke8
40. d7+ Rxd7 41. exd7+ Kxd7 1/2-1/2